[Event "IX Floripa Chess Open Fort Atacadista"]
[Site "Florianópolis - Santa Catari"]
[Date "2023.01.29"]
[Round "10.129"]
[White "Encina, Adrian Andres"]
[Black "Paula Pinto, Mateus Arsenio"]
[Result "1-0"]
[WhiteElo "1787"]
[BlackElo "1538"]
[PlyCount "55"]
[EventDate "2023.01.23"]
[EventRounds "10"]
[EventCountry "BRA"]

1. e4 e5 2. Nf3 Nc6 3. d4 exd4 4. Nxd4 Nf6 5. Nxc6 bxc6 6. e5 Qe7 7. Qe2 Nd5 8.
c4 Qb4+ 9. Nd2 Ba6 10. Qe4 Nb6 11. Bd3 g6 12. O-O Bg7 13. a3 Qe7 14. Nf3 O-O
15. Re1 Rfe8 16. Bg5 Qf8 17. Qh4 d6 18. Bf6 Bxf6 19. exf6 Nd7 20. Nd4 c5 21.
Nc6 Re6 22. Ne7+ Kh8 23. Nd5 Rc8 24. g4 c6 25. Ne7 Rxf6 26. Nxc8 Qxc8 27. Re3
Ne5 28. Qxf6+ 1-0

[Event "IX Floripa Chess Open Fort Atacadista"]
[Site "Florianópolis - Santa Catari"]
[Date "2023.01.29"]
[Round "10.130"]
[White "Sergio Filho, Claudio Santos"]
[Black "Deretti, Lucas Jurk"]
[Result "1-0"]
[WhiteElo "1786"]
[BlackElo "1392"]
[PlyCount "91"]
[EventDate "2023.01.23"]
[EventRounds "10"]
[EventCountry "BRA"]

1. Nf3 Nf6 2. g3 d5 3. d3 g6 4. Bg2 Bg7 5. O-O O-O 6. Nbd2 e6 7. e4 c5 8. Qe2
Nc6 9. c3 Qb6 10. Nh4 d4 11. c4 e5 12. h3 Bd7 13. f4 exf4 14. gxf4 Nh5 15. Qf3
Rac8 16. e5 f6 17. exf6 Nxf6 18. Qd1 Nb4 19. Ndf3 Nh5 20. a3 Nc6 21. Ng5 Qc7
22. Bd5+ Kh8 23. Nf7+ Rxf7 24. Bxf7 Rf8 25. Bxg6 Nxf4 26. Bxf4 Rxf4 27. Rxf4
Qxf4 28. Bxh7 Qg3+ 29. Ng2 Kxh7 30. Qh5+ Kg8 31. Qd5+ Kh8 32. Qxd7 Ne5 33. Qc8+
Kh7 34. Qf5+ Kg8 35. Rf1 Qxd3 36. Qxd3 Nxd3 37. b3 Nb2 38. Ne1 d3 39. Nf3 Bh6
40. Rb1 Bg7 41. Kf2 Bc3 42. Ke3 a6 43. Rc1 Ba5 44. Nd2 Bd8 45. Ne4 Ba5 46. Rb1
1-0

[Event "IX Floripa Chess Open Fort Atacadista"]
[Site "Florianópolis - Santa Catari"]
[Date "2023.01.29"]
[Round "10.131"]
[White "Fischer Junior, Donaldo"]
[Black "Rodriguez, Emiliano"]
[Result "1-0"]
[WhiteElo "1763"]
[BlackElo "1364"]
[PlyCount "135"]
[EventDate "2023.01.23"]
[EventRounds "10"]
[EventCountry "BRA"]

1. e4 e5 2. Nf3 Nc6 3. Bc4 Bc5 4. O-O Nf6 5. d3 h6 6. h3 d6 7. a3 O-O 8. Nc3
Be6 9. Bxe6 fxe6 10. Na4 Bb6 11. Nxb6 axb6 12. Be3 d5 13. exd5 exd5 14. d4 exd4
15. Nxd4 Nxd4 16. Bxd4 c5 17. Bxf6 Rxf6 18. c3 Qd7 19. Qd3 Rd6 20. Rad1 Rd8 21.
Qf3 d4 22. cxd4 Rxd4 23. Rxd4 Qxd4 24. Qb3+ c4 25. Qb4 Qc5 26. Qc3 Qd4 27. Qxd4
Rxd4 28. Rc1 b5 29. Rc2 Kf7 30. f3 h5 31. Kf2 h4 32. Ke2 Rd3 33. Rc3 Rd8 34. b3
cxb3 35. Rxb3 Rd5 36. Rb4 g5 37. f4 Kg6 38. fxg5 Kxg5 39. Rb3 Kf4 40. Rf3+ Kg5
41. g3 hxg3 42. Rxg3+ Kh4 43. Rd3 Rf5 44. Kd2 Re5 45. Kc3 b6 46. Kb4 Rc5 47.
Rc3 Rf5 48. Rc6 Kxh3 49. Rxb6 Kg3 50. Rxb5 Rf4+ 51. Ka5 Rf8 52. a4 Ra8+ 53. Kb4
Kf4 54. a5 Ke4 55. Rh5 Kd4 56. Kb5 Rb8+ 57. Kc6 Rg8 58. Rh6 Ra8 59. Kb6 Rb8+
60. Kc7 Ra8 61. a6 Kc5 62. Kb7 Rg8 63. a7 Rg7+ 64. Ka6 Rg8 65. Rb6 Rh8 66. Rb8
Rh6+ 67. Ka5 Rh2 68. Rc8+ 1-0

[Event "IX Floripa Chess Open Fort Atacadista"]
[Site "Florianópolis - Santa Catari"]
[Date "2023.01.29"]
[Round "10.132"]
[White "Barbosa, Kassio Rodrigo"]
[Black "Miranda Fernandez, Marcos Manuel"]
[Result "0-1"]
[WhiteElo "1540"]
[BlackElo "1759"]
[PlyCount "78"]
[EventDate "2023.01.23"]
[EventRounds "10"]
[EventCountry "BRA"]

1. e4 c5 2. Nf3 Nc6 3. d4 cxd4 4. Nxd4 Nf6 5. Nc3 e5 6. Ndb5 d6 7. Bg5 a6 8.
Na3 b5 9. Nd5 Be7 10. Bxf6 Bxf6 11. c3 Bg5 12. Be2 O-O 13. Qd3 f5 14. Bf3 Rb8
15. Nc2 Qe8 16. Rd1 Qf7 17. O-O Be6 18. b3 Rbd8 19. Ncb4 Qb7 20. Nxc6 Qxc6 21.
Nf6+ Bxf6 22. exf5 e4 23. Bxe4 d5 24. Bf3 Bf7 25. Rc1 Qd7 26. Rfd1 Rfe8 27. c4
d4 28. c5 Bd5 29. c6 Qd6 30. c7 Rc8 31. Re1 Rxe1+ 32. Rxe1 Bxf3 33. Qxf3 Qxc7
34. g3 Qc6 35. Qe2 h6 36. a4 Qd7 37. axb5 d3 38. Qe6+ Qxe6 39. fxe6 d2 0-1

[Event "IX Floripa Chess Open Fort Atacadista"]
[Site "Florianópolis - Santa Catari"]
[Date "2023.01.29"]
[Round "10.133"]
[White "Brito, Nicolas Neres"]
[Black "Sarda, Pedro Sada"]
[Result "0-1"]
[WhiteElo "1426"]
[BlackElo "1755"]
[PlyCount "62"]
[EventDate "2023.01.23"]
[EventRounds "10"]
[EventCountry "BRA"]

1. d4 Nf6 2. Nf3 g6 3. g3 c5 4. d5 d6 5. c4 Bg7 6. Nc3 O-O 7. e4 e6 8. Bg2 exd5
9. cxd5 Re8 10. Qd3 b5 11. Nd2 b4 12. Ne2 Ba6 13. Nc4 Nbd7 14. Qc2 Nb6 15. Nxb6
Qxb6 16. O-O Nxd5 17. Rd1 Nc7 18. Nf4 Rad8 19. Be3 Bb5 20. a4 Bc6 21. Nd5 Nxd5
22. exd5 Bd7 23. a5 Qb8 24. Bg5 Rc8 25. Re1 b3 26. Qd2 c4 27. Rac1 Rxe1+ 28.
Qxe1 Bxb2 29. Rb1 Bg7 30. Qe7 Bf5 31. Be4 Re8 0-1

[Event "IX Floripa Chess Open Fort Atacadista"]
[Site "Florianópolis - Santa Catari"]
[Date "2023.01.29"]
[Round "10.135"]
[White "Ramazzotte, Esther Zilli"]
[Black "Arndt, Claudio Felipe"]
[Result "1-0"]
[WhiteElo "1291"]
[BlackElo "1744"]
[PlyCount "79"]
[EventDate "2023.01.23"]
[EventRounds "10"]
[EventCountry "BRA"]

1. d4 Nf6 2. c4 e6 3. Nf3 d5 4. Bg5 c6 5. Nc3 Nbd7 6. e3 Qa5 7. Bxf6 Nxf6 8.
Rc1 Bd6 9. c5 Bb8 10. Bd3 O-O 11. O-O Qd8 12. b4 Nd7 13. a4 f5 14. b5 Qf6 15.
Bc2 g5 16. bxc6 bxc6 17. Qd3 Qh6 18. g3 a5 19. Rb1 Ba6 20. Nb5 Bc7 21. Qd2 Bd8
22. Rfc1 g4 23. Ne1 Qg6 24. Nd6 h5 25. Ng2 Qh6 26. Bd3 Bxd3 27. Qxd3 h4 28. Rb7
Nf6 29. Nf4 Ne4 30. Qe2 Bg5 31. Nxe4 dxe4 32. Rcb1 Bxf4 33. gxf4 Kh8 34. Rc7
Rab8 35. Rb6 Rg8 36. Qb2 Rxb6 37. cxb6 Qf6 38. b7 g3 39. b8=Q gxh2+ 40. Kxh2
1-0

[Event "IX Floripa Chess Open Fort Atacadista"]
[Site "Florianópolis - Santa Catari"]
[Date "2023.01.29"]
[Round "10.136"]
[White "Hirano, Enzo Erich Kreutz"]
[Black "Matos, Alexandre De"]
[Result "1/2-1/2"]
[WhiteElo "1741"]
[BlackElo "1871"]
[PlyCount "78"]
[EventDate "2023.01.23"]
[EventRounds "10"]
[EventCountry "BRA"]

1. e4 e6 2. d4 d5 3. Nd2 c5 4. exd5 Qxd5 5. dxc5 Bxc5 6. Ngf3 Nf6 7. Bc4 Qd8 8.
O-O O-O 9. Qe2 Nc6 10. Nb3 Be7 11. a4 a5 12. Rd1 Qc7 13. Bg5 b6 14. c3 Bb7 15.
Bb5 Rad8 16. Rxd8 Rxd8 17. Rd1 Rxd1+ 18. Qxd1 Ne5 19. Nbd4 h6 20. Bh4 Nxf3+ 21.
Nxf3 Qf4 22. Bg3 Bxf3 23. gxf3 Qf5 24. Qd3 Qxd3 25. Bxd3 Ne8 26. Bb5 Kf8 27.
Kf1 Bc5 28. Ke2 Nd6 29. Bxd6+ Bxd6 30. h3 g5 31. Kd3 Ke7 32. Kc4 Kd8 33. b4
axb4 34. cxb4 Kc7 35. Be8 h5 36. Bxf7 h4 37. Bxe6 Bg3 38. a5 bxa5 39. bxa5 Bxf2
1/2-1/2

[Event "IX Floripa Chess Open Fort Atacadista"]
[Site "Florianópolis - Santa Catari"]
[Date "2023.01.29"]
[Round "10.137"]
[White "Cordioli, Jairo Ribeiro"]
[Black "De Sousa, Paulo Goncalves"]
[Result "1-0"]
[WhiteElo "1735"]
[BlackElo "1800"]
[PlyCount "45"]
[EventDate "2023.01.23"]
[EventRounds "10"]
[EventCountry "BRA"]

1. d4 Nf6 2. c4 g6 3. Nc3 d5 4. Nf3 Bg7 5. Qb3 dxc4 6. Qxc4 O-O 7. e4 b6 8. Bf4
c5 9. e5 Nh5 10. Be3 cxd4 11. Bxd4 Ba6 12. Qd5 Bxf1 13. Kxf1 Nd7 14. g3 e6 15.
Qd6 Re8 16. Kg2 Rc8 17. Qa3 a5 18. Rad1 Bf8 19. Qb3 Qc7 20. Rhe1 Ng7 21. g4 Qc6
22. Ne4 Be7 23. Nf6+ 1-0

[Event "IX Floripa Chess Open Fort Atacadista"]
[Site "Florianópolis - Santa Catari"]
[Date "2023.01.29"]
[Round "10.139"]
[White "Kikuchi, Alexandre Hideki Lo"]
[Black "Montiel Caceres, Helen"]
[Result "0-1"]
[WhiteElo "1800"]
[BlackElo "1723"]
[PlyCount "106"]
[EventDate "2023.01.23"]
[EventRounds "10"]
[EventCountry "BRA"]

1. d4 Nf6 2. Nf3 e6 3. Bf4 d5 4. Nbd2 Bd6 5. Bg3 b6 6. e3 c5 7. Bb5+ Kf8 8. c3
Bb7 9. Ne5 a6 10. Be2 Nc6 11. O-O Qc7 12. Nxc6 Qxc6 13. Bxd6+ Qxd6 14. f4 g6
15. Qe1 Kg7 16. Qg3 a5 17. Bb5 a4 18. a3 Ba6 19. Bxa6 Rxa6 20. Rae1 Qc6 21. f5
exf5 22. Rxf5 Re8 23. Ref1 Re6 24. e4 Ra7 25. exd5 Nxd5 26. Re5 cxd4 27. Rxe6
Qxe6 28. cxd4 Re7 29. Nf3 Qe3+ 30. Qf2 Qxf2+ 31. Kxf2 Re4 32. Re1 Rxe1 33. Nxe1
f5 34. Nd3 Kf7 35. g3 Ke7 36. Kf3 Kf6 37. Nf4 Nxf4 38. gxf4 Ke6 39. Ke2 Kd6 40.
Kd2 h6 41. h4 Kd5 42. Kd3 h5 43. Kc3 Ke4 44. Kc4 Kxf4 45. Kd5 Ke3 46. Ke5 f4
47. d5 f3 48. d6 f2 49. d7 f1=Q 50. d8=Q Qf5+ 51. Kd6 Qd3+ 52. Ke7 Qxd8+ 53.
Kxd8 Kd2 0-1

[Event "IX Floripa Chess Open Fort Atacadista"]
[Site "Florianópolis - Santa Catari"]
[Date "2023.01.29"]
[Round "10.140"]
[White "Garcia, Erich Douglas Ribei"]
[Black "Carvalho, Eduardo Meireles"]
[Result "0-1"]
[WhiteElo "1427"]
[BlackElo "1812"]
[PlyCount "82"]
[EventDate "2023.01.23"]
[EventRounds "10"]
[EventCountry "BRA"]

1. d4 Nf6 2. c4 e5 3. e3 Ne4 4. Nf3 Bb4+ 5. Bd2 Nxd2 6. Nbxd2 e4 7. Ng1 d5 8.
cxd5 Qxd5 9. a3 Bxd2+ 10. Qxd2 Bf5 11. Ne2 Nc6 12. Nc3 Qd7 13. Bc4 Rd8 14. Qc2
O-O 15. b4 h6 16. Rc1 Rfe8 17. O-O Ne7 18. Qa2 Ng6 19. Ne2 c6 20. Ng3 Be6 21.
Bxe6 Rxe6 22. Rc3 Nh4 23. Rfc1 Rg6 24. h3 Qc8 25. b5 Nf3+ 26. Kh1 Ng5 27. Kh2
Rdd6 28. h4 Nh7 29. Qe2 Rg4 30. bxc6 Rxh4+ 31. Kg1 bxc6 32. d5 Ng5 33. f3 exf3
34. gxf3 Qh3 35. Qg2 Nxf3+ 36. Kf2 Qxg2+ 37. Kxg2 Ne5 38. dxc6 Rd2+ 39. Kf1
Rhh2 40. Ne2 Rdxe2 41. c7 Rhf2+ 0-1

[Event "IX Floripa Chess Open Fort Atacadista"]
[Site "Florianópolis - Santa Catari"]
[Date "2023.01.29"]
[Round "10.141"]
[White "Motta, Agahta Dos Santos"]
[Black "Pinto, Vanderlei"]
[Result "0-1"]
[WhiteElo "1704"]
[BlackElo "1346"]
[PlyCount "62"]
[EventDate "2023.01.23"]
[EventRounds "10"]
[EventCountry "BRA"]

1. d4 Nf6 2. c4 g6 3. Nc3 Bg7 4. e4 d6 5. Nf3 O-O 6. g3 Nbd7 7. Bg2 c5 8. O-O
a6 9. Qe2 cxd4 10. Nxd4 e5 11. Nc2 Qc7 12. f4 exf4 13. Bxf4 Ne5 14. Rad1 Bg4
15. Bf3 Bxf3 16. Rxf3 Nxf3+ 17. Qxf3 Qxc4 18. Rd4 Qc6 19. Rxd6 Qc5+ 20. Kg2
Rfe8 21. e5 Nh5 22. Rd3 Nxf4+ 23. gxf4 Qb6 24. b3 Rac8 25. Rd6 Qa5 26. Rd3 b5
27. b4 Qc7 28. Qe2 Red8 29. Rxd8+ Rxd8 30. Qe3 Qc4 31. Na3 Qxb4 0-1

[Event "IX Floripa Chess Open Fort Atacadista"]
[Site "Florianópolis - Santa Catari"]
[Date "2023.01.29"]
[Round "10.144"]
[White "Felix, Joao Eduardo Orland"]
[Black "Silver, Fernanda Luise"]
[Result "1-0"]
[WhiteElo "1693"]
[BlackElo "1800"]
[PlyCount "89"]
[EventDate "2023.01.23"]
[EventRounds "10"]
[EventCountry "BRA"]

1. e4 c5 2. Nf3 Nc6 3. d4 cxd4 4. Nxd4 e5 5. Nb5 d6 6. a4 a6 7. N5a3 Nf6 8. Nc3
Be6 9. Bg5 Be7 10. Bxf6 Bxf6 11. Nc4 Nd4 12. Bd3 Nc6 13. O-O Rc8 14. Ne3 Ne7
15. Be2 Bg5 16. Qd3 Bxe3 17. Qxe3 Ng6 18. g3 Bh3 19. Rfd1 O-O 20. Rac1 f5 21.
exf5 Bxf5 22. Bf3 Qd7 23. Ne4 Rc6 24. c4 Qc7 25. b3 Ne7 26. Rc3 h6 27. Rcd3
Bxe4 28. Bxe4 Nf5 29. Bd5+ Kh8 30. Qd2 Nd4 31. Rxd4 exd4 32. Bxc6 Qxc6 33. Qxd4
Rf6 34. Rd3 Qe8 35. Re3 Qf7 36. f4 Qd7 37. Qe4 Qc7 38. Kg2 Qb6 39. h4 Qb4 40.
Qd5 Rf8 41. Qd4 b5 42. axb5 axb5 43. Re7 Rg8 44. Re6 bxc4 45. Rxh6# 1-0

[Event "IX Floripa Chess Open Fort Atacadista"]
[Site "Florianópolis - Santa Catari"]
[Date "2023.01.29"]
[Round "10.146"]
[White "Sergio, Claudio Santos"]
[Black "Ludtke, Ezequiel Rodrigues"]
[Result "1-0"]
[WhiteElo "1981"]
[BlackElo "1538"]
[PlyCount "81"]
[EventDate "2023.01.23"]
[EventRounds "10"]
[EventCountry "BRA"]

1. d4 d5 2. f4 g6 3. Nf3 Bg7 4. e3 Nf6 5. Bd3 Nbd7 6. Nbd2 b6 7. O-O Bb7 8. Qe2
O-O 9. c3 e6 10. Kh1 Qe7 11. Rg1 Rfe8 12. g4 Nf8 13. Nf1 Rad8 14. h3 Bh8 15.
Ng3 Bg7 16. Bd2 Rc8 17. Rac1 c5 18. Ne5 N8d7 19. f5 exf5 20. Nxd7 Qxd7 21. gxf5
c4 22. Bc2 Rcd8 23. Qg2 Ne4 24. Bxe4 dxe4 25. Be1 Bh6 26. fxg6 fxg6 27. Nf5 Bf8
28. Bh4 Rc8 29. Bf6 Rc6 30. Be5 Rce6 31. h4 Rc8 32. h5 Rcc6 33. Qg5 Qc8 34.
Nh6+ Bxh6 35. Qxh6 Rxe5 36. hxg6 Rxg6 37. Rxg6+ hxg6 38. Qxg6+ Kh8 39. Qh6+ Kg8
40. Rg1+ Kf7 41. Rg7+ 1-0

[Event "IX Floripa Chess Open Fort Atacadista"]
[Site "Florianópolis - Santa Catari"]
[Date "2023.01.29"]
[Round "10.147"]
[White "Gomes, Carlos"]
[Black "Kazuhiro Shikasho, Erik"]
[Result "0-1"]
[WhiteElo "1537"]
[BlackElo "1886"]
[PlyCount "46"]
[EventDate "2023.01.23"]
[EventRounds "10"]
[EventCountry "BRA"]

1. e4 c5 2. Nf3 d6 3. d4 cxd4 4. Nxd4 Nf6 5. Nc3 a6 6. Bc4 e6 7. Bb3 Nbd7 8.
Qe2 Nc5 9. a3 Be7 10. Bc4 O-O 11. O-O Re8 12. Nb3 b5 13. Bd3 Bb7 14. f3 Qc7 15.
Qd1 Rad8 16. Re1 Nxb3 17. cxb3 d5 18. exd5 Nxd5 19. Bd2 Bd6 20. h3 Bg3 21. Rf1
Nxc3 22. Bxc3 Qc5+ 23. Kh1 Qe3 0-1

[Event "IX Floripa Chess Open Fort Atacadista"]
[Site "Florianópolis - Santa Catari"]
[Date "2023.01.29"]
[Round "10.149"]
[White "Trombini, Fabio"]
[Black "Mayara Sibowicz, Giovanna"]
[Result "0-1"]
[WhiteElo "1861"]
[BlackElo "1528"]
[PlyCount "85"]
[EventDate "2023.01.23"]
[EventRounds "10"]
[EventCountry "BRA"]

1. d4 Nf6 2. c4 d6 3. Nc3 Nbd7 4. e4 e5 5. Nf3 Be7 6. Be2 O-O 7. O-O h6 8. h3
Nh7 9. Nd5 f5 10. exf5 Rxf5 11. Bd3 Rf8 12. dxe5 dxe5 13. Nxe7+ Qxe7 14. Qc2
Nhf6 15. Re1 Qd6 16. b3 Nc5 17. Bf1 e4 18. Rd1 Qe7 19. Nd4 Nh5 20. Ba3 b6 21.
Re1 Nf6 22. Rad1 Qe5 23. b4 Ne6 24. Nf3 Qh5 25. Nd2 Ng5 26. b5 Rf7 27. Nxe4
Nfxe4 28. Rd8+ Kh7 29. Rxe4 Bf5 30. Rxa8 Bxe4 31. Bd3 Nxh3+ 32. Kf1 Rxf2+ 33.
Ke1 Rxc2 34. Bxe4+ g6 35. Bxc2 Nf4 36. Re8 Nxg2+ 37. Kd2 Qg5+ 38. Kc3 Qg3+ 39.
Kb2 Qf2 40. Re7+ Kg8 41. Kb3 Qg3+ 42. Ka4 Qc3 43. Bb3 0-1

[Event "IX Floripa Chess Open Fort Atacadista"]
[Site "Florianópolis - Santa Catari"]
[Date "2023.01.29"]
[Round "10.151"]
[White "Gomes, Joao Paulo Santos"]
[Black "Silva, Ezequiel Demetras"]
[Result "0-1"]
[WhiteElo "1492"]
[BlackElo "1811"]
[PlyCount "202"]
[EventDate "2023.01.23"]
[EventRounds "10"]
[EventCountry "BRA"]

1. c4 Nf6 2. g3 c6 3. Bg2 d5 4. Nf3 dxc4 5. a4 e6 6. O-O Be7 7. Na3 Nbd7 8.
Nxc4 O-O 9. Rb1 a5 10. d3 Nd5 11. Bd2 Nb4 12. Be3 b5 13. axb5 cxb5 14. Nce5 Nf6
15. Nd4 Nfd5 16. Bd2 Qe8 17. e4 Nc7 18. Bf4 f6 19. Ng6 e5 20. Nxf8 Bxf8 21.
Nxb5 Nxb5 22. Be3 Be6 23. f4 Qd8 24. f5 Bf7 25. d4 Qb6 26. Kh1 exd4 27. Bf4 Re8
28. g4 Bd6 29. Qd2 Bxf4 30. Qxf4 Qd6 31. Qd2 a4 32. g5 fxg5 33. Qxg5 Qf6 34.
Qd2 Qd6 35. Bf3 Nc6 36. Rg1 Qf6 37. Rg3 Kh8 38. Qd3 Nd6 39. Rc1 Ne7 40. Rc5 Ng8
41. Rc6 Qe5 42. Rg1 Nxe4 43. Bxe4 Qxe4+ 44. Qxe4 Rxe4 45. Rd6 Bc4 46. Rc1 Bb3
47. Rc8 Rf4 48. Rcd8 Rxf5 49. Rxd4 Rf2 50. Rd2 Rxd2 51. Rxd2 h6 52. Kg2 Nf6 53.
Kf3 Kh7 54. h3 Kg6 55. Rg2+ Kf7 56. Rd2 h5 57. Rd4 g5 58. Rd2 Kg6 59. Rd4 Kf5
60. Rb4 Ke5 61. Rb5+ Nd5 62. Rc5 Kd4 63. Rc8 Nf4 64. Rd8+ Kc4 65. Rc8+ Kd3 66.
Rc3+ Kd2 67. Ke4 Bc2+ 68. Ke5 Kc1 69. Rg3 Kxb2 70. Rxg5 Nxh3 71. Rxh5 Nf2 72.
Ke6 Bb3+ 73. Ke7 Nd3 74. Ra5 Kc3 75. Rxa4 Bxa4 76. Kd6 Kd4 77. Ke6 Bb3+ 78. Kf6
Ke4 79. Kg6 Ne5+ 80. Kf6 Bd5 81. Ke7 Nc4 82. Kf6 Nd6 83. Kg6 Ke5 84. Kg7 Be4
85. Kg8 Kf6 86. Kf8 Nf7 87. Kg8 Bg6 88. Kf8 Bh7 89. Ke8 Ne5 90. Kd8 Ke6 91. Kc7
Nd7 92. Kc6 Bd3 93. Kc7 Be4 94. Kc8 Kd6 95. Kd8 Bg6 96. Kc8 Nc5 97. Kb8 Kc6 98.
Ka7 Bf5 99. Kb8 Kb6 100. Ka8 Be6 101. Kb8 Na6+ 0-1

[Event "IX Floripa Chess Open Fort Atacadista"]
[Site "Florianópolis - Santa Catari"]
[Date "2023.01.29"]
[Round "10.152"]
[White "Monteiro, Samuel Ramazzotte"]
[Black "Ferreira, Rodrigo Maycon Mira"]
[Result "1/2-1/2"]
[WhiteElo "1385"]
[BlackElo "1781"]
[PlyCount "108"]
[EventDate "2023.01.23"]
[EventRounds "10"]
[EventCountry "BRA"]

1. Nf3 d5 2. g3 c6 3. Bg2 Bg4 4. O-O Nd7 5. d3 e6 6. Re1 Bd6 7. Nbd2 Ne7 8. e4
O-O 9. Nb3 a5 10. a4 h6 11. Be3 Ne5 12. d4 Nc4 13. e5 Bc7 14. Ra2 f6 15. exf6
Rxf6 16. h3 Bxf3 17. Bxf3 Qf8 18. Nc5 Qf7 19. Bg4 Nf5 20. Bxf5 Rxf5 21. Nd3 Rf8
22. Bf4 Bxf4 23. Nxf4 e5 24. dxe5 Nxe5 25. Ra3 g5 26. Rae3 gxf4 27. Rxe5 fxg3
28. Qg4+ Kh8 29. Qxf5 gxf2+ 30. Kxf2 Qxf5+ 31. Rxf5 Rxf5+ 32. Kg3 Rf7 33. Re8+
Kg7 34. Ra8 Kf6 35. Rxa5 Ke5 36. Rc5 Kd4 37. Rc3 c5 38. Rd3+ Ke4 39. Rd2 c4 40.
Re2+ Kd4 41. Rd2+ Kc5 42. c3 Re7 43. Kg4 Re3 44. h4 Re5 45. Kf4 Re4+ 46. Kg3 d4
47. cxd4+ Rxd4 48. Rxd4 Kxd4 49. Kf4 b6 50. h5 Kd3 51. Ke5 Kc2 52. Kd4 Kb3 53.
Kd5 Kb4 54. Kd4 Kb3 1/2-1/2

[Event "IX Floripa Chess Open Fort Atacadista"]
[Site "Florianópolis - Santa Catari"]
[Date "2023.01.29"]
[Round "10.153"]
[White "Moro, Antonio Renato Pere"]
[Black "Pereira, Francisco Neris"]
[Result "1-0"]
[WhiteElo "1770"]
[BlackElo "1482"]
[PlyCount "97"]
[EventDate "2023.01.23"]
[EventRounds "10"]
[EventCountry "BRA"]

1. c4 c5 2. Nc3 Nc6 3. Nf3 Nf6 4. g3 e6 5. d3 b6 6. Bg2 Bb7 7. O-O g6 8. Bf4 a6
9. Qc1 Bg7 10. Bd6 Ne7 11. b4 cxb4 12. Bxb4 O-O 13. Rb1 Re8 14. a4 d5 15. c5
bxc5 16. Bxc5 Bc6 17. Ne5 Rc8 18. Qa3 Nd7 19. Nxd7 Qxd7 20. d4 Nf5 21. e3 Rb8
22. Rfc1 Rb7 23. Bf1 Rxb1 24. Rxb1 Ra8 25. Bxa6 h5 26. Rb6 Bf8 27. Bxf8 Rxf8
28. a5 Ra8 29. Qb4 Nd6 30. Qc5 Nb7 31. Qxc6 Qxc6 32. Rxc6 Nxa5 33. Rc8+ Rxc8
34. Bxc8 Nc4 35. Ba6 Nd6 36. h4 Kg7 37. Kg2 f6 38. Bd3 Nc8 39. Nb5 e5 40. Nc7
Nb6 41. Bb5 Kf7 42. Be8+ Kg7 43. Bc6 g5 44. hxg5 fxg5 45. dxe5 Kf7 46. Bxd5+
Nxd5 47. Nxd5 Ke6 48. Nf6 h4 49. f4 1-0

[Event "IX Floripa Chess Open Fort Atacadista"]
[Site "Florianópolis - Santa Catari"]
[Date "2023.01.29"]
[Round "10.154"]
[White "Machado, Luiz Fernando"]
[Black "Fernandini, Felipe Piacente"]
[Result "1-0"]
[WhiteElo "1768"]
[BlackElo "1451"]
[PlyCount "43"]
[EventDate "2023.01.23"]
[EventRounds "10"]
[EventCountry "BRA"]

1. e4 c5 2. Nf3 d6 3. d4 cxd4 4. Nxd4 Nf6 5. Nc3 a6 6. Bg5 e6 7. f4 Nbd7 8. Qf3
Qc7 9. O-O-O b5 10. g4 Be7 11. Bxf6 Nxf6 12. g5 Nd7 13. f5 O-O 14. Rg1 e5 15.
Nd5 Bxg5+ 16. Rxg5 Qd8 17. f6 exd4 18. Rxg7+ Kh8 19. Rxh7+ Kxh7 20. Qh5+ Kg8
21. Qg5+ Kh7 22. Qg7# 1-0

[Event "IX Floripa Chess Open Fort Atacadista"]
[Site "Florianópolis - Santa Catari"]
[Date "2023.01.29"]
[Round "10.155"]
[White "Da Costa, Mariana Nara Santan"]
[Black "Mesquita, Arnaldo Leite"]
[Result "1-0"]
[WhiteElo "1369"]
[BlackElo "1760"]
[PlyCount "93"]
[EventDate "2023.01.23"]
[EventRounds "10"]
[EventCountry "BRA"]

1. d4 Nf6 2. Nf3 e6 3. c4 c5 4. Nc3 d5 5. dxc5 Bxc5 6. cxd5 Nxd5 7. Nxd5 exd5
8. e3 O-O 9. Be2 Nc6 10. O-O Bf5 11. Qb3 Qd7 12. Rd1 Rfd8 13. h3 Nb4 14. Ne5
Qe7 15. Nd3 Rac8 16. Nxb4 Bxb4 17. Rxd5 Be6 18. Rxd8+ Rxd8 19. Qa4 a6 20. a3
Bd2 21. Bf3 g6 22. Bxd2 Rxd2 23. b4 Qf6 24. Rd1 b5 25. Qxa6 Rxd1+ 26. Bxd1 Qa1
27. Qxb5 Qxd1+ 28. Kh2 Qd6+ 29. Kg1 Bd7 30. Qb7 Qd1+ 31. Kh2 Qa4 32. Qb8+ Be8
33. Qe5 h6 34. Qb8 Kh7 35. Qe5 Bd7 36. Qc7 Bc6 37. Qe5 Qc2 38. Qd6 Qe4 39. f3
Qe6 40. Qf4 g5 41. Qd4 Kg6 42. Qd3+ f5 43. Qa6 Qd7 44. b5 Qd6+ 45. f4 Kh5 46.
Qxc6 Qxa3 47. Qe8+ 1-0

[Event "IX Floripa Chess Open Fort Atacadista"]
[Site "Florianópolis - Santa Catari"]
[Date "2023.01.29"]
[Round "10.156"]
[White "Cabral, Vinicius Albuquerqu"]
[Black "Dias, Clara"]
[Result "1-0"]
[WhiteElo "1744"]
[BlackElo "1430"]
[PlyCount "81"]
[EventDate "2023.01.23"]
[EventRounds "10"]
[EventCountry "BRA"]

1. e4 c5 2. Nf3 d6 3. Bb5+ Nc6 4. c3 Nf6 5. Qe2 Bd7 6. d4 e6 7. O-O Be7 8. Re1
O-O 9. d5 Ne5 10. Nxe5 dxe5 11. dxe6 Bxe6 12. Nd2 a6 13. Bd3 Qc7 14. Nf3 c4 15.
Bc2 Nd7 16. Ng5 Bxg5 17. Bxg5 f6 18. Be3 Nc5 19. Rad1 Rac8 20. a3 Qc6 21. Bxc5
Qxc5 22. Rd2 b5 23. Red1 Rc6 24. h3 a5 25. Kf1 Qe7 26. Qe3 Rfc8 27. f4 exf4 28.
Qxf4 Rf8 29. Kg1 Qf7 30. e5 Rc5 31. exf6 Qa7 32. Kh1 Rxf6 33. Rd8+ Kf7 34. Qe3
h6 35. R1d6 Qc7 36. Qe4 g6 37. Qe3 Kg7 38. R8d7+ Bxd7 39. Qe7+ Rf7 40. Rxg6+
Kh8 41. Qxf7 1-0

[Event "IX Floripa Chess Open Fort Atacadista"]
[Site "Florianópolis - Santa Catari"]
[Date "2023.01.29"]
[Round "10.157"]
[White "Leacina, Gisele Santiago"]
[Black "Constantino, Pedro Henrique"]
[Result "0-1"]
[WhiteElo "1326"]
[BlackElo "1727"]
[PlyCount "72"]
[EventDate "2023.01.23"]
[EventRounds "10"]
[EventCountry "BRA"]

1. e4 c5 2. Nc3 d6 3. f4 g6 4. Nf3 Bg7 5. d3 e6 6. g3 Ne7 7. Bg2 O-O 8. O-O
Nbc6 9. Re1 Rb8 10. a4 a6 11. Ne2 f5 12. c3 Qb6 13. Kh1 Bd7 14. Neg1 Na5 15.
exf5 Nxf5 16. Ng5 Nb3 17. Ra2 Nxc1 18. Qxc1 h6 19. N5f3 Kh7 20. a5 Qc7 21. Nd2
Rbe8 22. Ngf3 Bc6 23. Nc4 Bd5 24. Ra1 e5 25. Rf1 Bxc4 26. dxc4 exf4 27. gxf4
Ne3 28. Rg1 Rxf4 29. Qe1 Qf7 30. Qf2 Nxg2 31. Kxg2 Rf8 32. Rgf1 Qf5 33. h3 g5
34. Rfd1 g4 35. Rd5 gxf3+ 36. Kh2 Be5 0-1

[Event "IX Floripa Chess Open Fort Atacadista"]
[Site "Florianópolis - Santa Catari"]
[Date "2023.01.29"]
[Round "10.158"]
[White "Lahoz, Cassiano"]
[Black "Monteiro, Helen Ramazzotte"]
[Result "1/2-1/2"]
[WhiteElo "1724"]
[BlackElo "1412"]
[PlyCount "91"]
[EventDate "2023.01.23"]
[EventRounds "10"]
[EventCountry "BRA"]

1. e4 e6 2. d3 d5 3. Nd2 c5 4. Ngf3 Nc6 5. g3 Nf6 6. Bg2 Be7 7. O-O O-O 8. c3
Rb8 9. Re1 b5 10. e5 Nd7 11. d4 cxd4 12. cxd4 Qb6 13. Nf1 Bb7 14. Be3 Rbc8 15.
Rc1 a5 16. g4 f6 17. h4 fxe5 18. dxe5 Qd8 19. g5 Ncxe5 20. Nxe5 Nxe5 21. f4 Nc4
22. Qg4 Nxe3 23. Qxe6+ Kh8 24. Qxe3 Bd6 25. Rxc8 Qxc8 26. Qe6 Qxe6 27. Rxe6
Bxf4 28. Rb6 Rb8 29. Rxb5 Bc7 30. Bxd5 Bxd5 31. Rxd5 Rxb2 32. Rd2 Rxd2 33. Nxd2
g6 34. Kg2 Kg7 35. Kf3 Kf7 36. Kg4 Kg7 37. Ne4 Be5 38. Nc5 Kf7 39. Nd3 Ke6 40.
h5 gxh5+ 41. Kxh5 Kf5 42. Kh6 Bf4 43. Kxh7 Bxg5 44. a4 Ke4 45. Nc5+ Kd5 46. Nb7
1/2-1/2